Premeny suverenity európskych štátov v kontexte vybraných teórií medzinárodných vzťahov

Definovanie faktorov, ktoré vplývajú na eróziu suverenity. Faktory, ktoré ju pozitívne resp. negatívne ovplyvňujú. Úloha suverenity štátu. Vnútorná a vonkajšia suverenita.

Guardado en:
Detalles Bibliográficos
Autor principal: Ušiak, Jaroslav
Formato: Capítulo de libro
Lenguaje:eslovaco
Materias:
Etiquetas: Agregar Etiqueta
Sin Etiquetas, Sea el primero en etiquetar este registro!

MARC

LEADER 00000naa$a2200000$$$4500
001 0111860
005 20231127115407.5
041 0 |a slo 
044 |a CZ 
245 1 0 |a Premeny suverenity európskych štátov v kontexte vybraných teórií medzinárodných vzťahov  |c Jaroslav Ušiak 
520 |a Definovanie faktorov, ktoré vplývajú na eróziu suverenity. Faktory, ktoré ju pozitívne resp. negatívne ovplyvňujú. Úloha suverenity štátu. Vnútorná a vonkajšia suverenita. 
610 2 0 |a suverenita štátna 
610 2 0 |a vzťahy medzinárodné 
610 2 0 |a Európska únia 
610 2 0 |a bezpečnosť európska 
100 1 |a Ušiak, Jaroslav